[Event "World ol U16"]
[Site "Corum"]
[Date "2019.11.05"]
[Round "9.22"]
[White "Booysen, Tineke"]
[Black "Vithanage, IA1111"]
[Result "1/2-1/2"]
[WhiteElo "1310"]
[BlackElo "1600"]
[PlyCount "166"]
[EventDate "2019.10.29"]
[EventType "team-swiss"]
[EventRounds "9"]
[EventCountry "TUR"]
[SourceTitle "CBM 192 Extra"]
[Source "Chessbase"]
[SourceDate "2019.11.06"]
[SourceVersion "1"]
[SourceVersionDate "2019.11.06"]
[SourceQuality "1"]
[WhiteTeam "South Africa III"]
[BlackTeam "Sri Lanka"]
[WhiteTeamCountry "RSA"]
[BlackTeamCountry "SRI"]

1. e4 e5 2. Bc4 Nc6 3. Nf3 Bc5 4. c3 Nf6 5. d3 h6 6. 0-0 d6 7. h3 0-0 8. Re1 Re8 9. Bb3 a6 10. d4 exd4 11. cxd4 Bb4 12. Bd2 Bxd2 13. Nbxd2 Na5 14. Bc2 Bd7 15. e5 dxe5 16. dxe5 Nd5 17. Nb3 Nxb3 18. Bxb3 Be6 19. Nd4 c6 20. Nxe6 fxe6 21. Qg4 Qe7 22. Bxd5 cxd5 23. Rac1 Rac8 24. f4 Rc7 25. Rxc7 Qxc7 26. Kh1 Qc8 27. Qg6 Re7 28. Qd3 Qc5 29. f5 exf5 30. Qxf5 d4 31. Qf4 Qd5 32. b3 d3 33. Qe3 Qa5 34. Rd1 Rxe5 35. Qxd3 Re1+ 36. Rxe1 Qxe1+ 37. Kh2 Qe5+ 38. Qg3 Qe4 39. Qf2 Qc6 40. Qd2 b5 41. Kg1 Qf6 42. Qd5+ Kh7 43. Qe4+ Qg6 44. Qxg6+ Kxg6 45. Kf2 Kf5 46. Kf3 b4 47. g3 Ke5 48. Ke3 g5 49. Kd3 Kd5 50. Ke3 h5 51. Kd3 h4 52. gxh4 gxh4 53. Ke3 Ke5 54. Kf3 Kd4 55. Kg4 Kc3 56. Kxh4 Kb2 57. Kg5 Kxa2 58. h4 Kxb3 59. h5 Ka4 60. h6 b3 61. h7 b2 62. h8Q b1Q 63. Qd4+ Ka5 64. Qc3+ Qb4 65. Qc7+ Qb6 66. Qc3+ Kb5 67. Qd3+ Kb4 68. Qe4+ Kc3 69. Qe1+ Kc4 70. Qe2+ Kd5 71. Qa2+ Kc6 72. Qe6+ Kb7 73. Qf7+ Kc8 74. Qc4+ Kb7 75. Qf7+ Kc8 76. Qc4+ Kd7 77. Qf7+ Kc6 78. Qe6+ Kc5 79. Qe3+ Kb5 80. Qb3+ Ka5 81. Qa3+ Kb5 82. Qb3+ Kc6 83. Qe6+ Kb7 1/2-1/2

[Event "World ol U16"]
[Site "Corum"]
[Date "2019.11.03"]
[Round "7.22"]
[White "Booysen, Tineke"]
[Black "Asavasaetakul, Chawit"]
[Result "0-1"]
[WhiteElo "1310"]
[BlackElo "1746"]
[PlyCount "78"]
[EventDate "2019.10.29"]
[EventType "team-swiss"]
[EventRounds "9"]
[EventCountry "TUR"]
[SourceTitle "CBM 192 Extra"]
[Source "Chessbase"]
[SourceDate "2019.11.06"]
[SourceVersion "1"]
[SourceVersionDate "2019.11.06"]
[SourceQuality "1"]
[WhiteTeam "South Africa III"]
[BlackTeam "Thailand II"]
[WhiteTeamCountry "RSA"]
[BlackTeamCountry "THA"]

1. e4 c6 2. d4 d5 3. exd5 cxd5 4. Bd3 Nf6 5. Nf3 Bg4 6. Nbd2 Nc6 7. c3 e6 8. 0-0 Be7 9. Qc2 Bh5 10. Re1 Bg6 11. Bxg6 hxg6 12. h3 Rc8 13. Qd3 0-0 14. Ng5 Nd7 15. Ndf3 Bf6 16. h4 e5 17. dxe5 Ndxe5 18. Nxe5 Nxe5 19. Qg3 Nc4 20. Nf3 Qb6 21. Re2 Rfe8 22. Rc2 Re4 23. Ng5 Be5 24. Nxe4 Bxg3 25. Nxg3 Re8 26. Bf4 Nd6 27. Bxd6 Qxd6 28. Rd1 Re5 29. Rcd2 Qe6 30. Kh2 Qg4 31. Rd4 Qe6 32. c4 dxc4 33. Rd8+ Kh7 34. Rb8 Rd5 35. Rh1 Rd4 36. Rxb7 Rxh4+ 37. Kg1 Qe1+ 38. Nf1 Rxh1+ 39. Kxh1 Qxf1+ 0-1

[Event "World ol U16"]
[Site "Corum"]
[Date "2019.10.30"]
[Round "2.23"]
[White "Booysen, Tineke"]
[Black "Hatirli, Ugur Can"]
[Result "0-1"]
[WhiteElo "1310"]
[BlackElo "1852"]
[PlyCount "58"]
[EventDate "2019.10.29"]
[EventType "team-swiss"]
[EventRounds "9"]
[EventCountry "TUR"]
[SourceTitle "CBM 192 Extra"]
[Source "Chessbase"]
[SourceDate "2019.11.06"]
[SourceVersion "1"]
[SourceVersionDate "2019.11.06"]
[SourceQuality "1"]
[WhiteTeam "South Africa III"]
[BlackTeam "Turkey Corum"]
[WhiteTeamCountry "RSA"]
[BlackTeamCountry "TUR"]

1. e4 c5 2. Nf3 e6 3. c3 d6 4. d4 Nf6 5. Bd3 Be7 6. 0-0 Nc6 7. h3 Bd7 8. Be3 Rc8 9. Nbd2 cxd4 10. Nxd4 a6 11. Bg5 Ne5 12. Bc2 Qb6 13. Rb1 h6 14. Bh4 0-0 15. N4f3 Bb5 16. Nxe5 dxe5 17. Re1 Rfd8 18. Qc1 g5 19. Bg3 Nh5 20. Bxe5 Bc5 21. Bd4 Rxd4 22. cxd4 Bxd4 23. Kh1 Bxf2 24. e5 Kh8 25. Qd1 Ng3+ 26. Kh2 Bxe1 27. Qxe1 Rxc2 28. Kxg3 Qd4 29. Nf3 Qf4# 0-1

[Event "RSA-ch U14 Girls"]
[Site "Gauteng"]
[Date "2017.04.10"]
[Round "9"]
[White "Staal, Michaela Francis"]
[Black "Booysen, Tineke"]
[Result "1-0"]
[WhiteElo "1305"]
[BlackElo "1375"]
[PlyCount "85"]
[EventDate "2017.04.05"]
[EventType "swiss"]
[EventRounds "11"]
[EventCountry "RSA"]
[SourceTitle "CBM 177 Extra"]
[Source "ChessBase"]
[SourceDate "2017.04.27"]
[SourceVersion "1"]
[SourceVersionDate "2017.04.27"]
[SourceQuality "1"]

1. e4 e6 2. Nf3 d5 3. Nc3 a6 4. d4 Nf6 5. Bd3 h6 6. 0-0 c5 7. Re1 cxd4 8. Nxd4 dxe4 9. Nxe4 Nxe4 10. Bxe4 Bc5 11. Be3 Bxd4 12. Bxd4 0-0 13. Qd3 Kh8 14. Rad1 Qg5 15. Bc3 Nd7 16. Re3 Nc5 17. Qd6 Rg8 18. f4 Nxe4 19. Rxe4 Qf5 20. Re2 b5 21. g4 Qg6 22. Qd3 f5 23. Qf3 Rb8 24. Qg3 Qxg4 25. Qxg4 fxg4 26. Kf2 Kh7 27. Kg3 h5 28. Re5 Kg6 29. Kh4 Bb7 30. Rxh5 Bf3 31. f5+ exf5 32. Rg5+ Kh6 33. Rh5+ Kg6 34. Rd6+ Kf7 35. Rxf5+ Ke7 36. Rxa6 Be4 37. Re5+ Kd7 38. Rxe4 Rh8+ 39. Kg3 Rhg8 40. Rxg4 g6 41. Raxg6 Rgc8 42. Rh6 Re8 43. h4 1-0

[Event "RSA-ch U14 Girls"]
[Site "Gauteng"]
[Date "2017.04.08"]
[Round "7"]
[White "Naicker, Kerri Anne"]
[Black "Booysen, Tineke"]
[Result "0-1"]
[WhiteElo "856"]
[BlackElo "1375"]
[PlyCount "49"]
[EventDate "2017.04.05"]
[EventType "swiss"]
[EventRounds "11"]
[EventCountry "RSA"]
[SourceTitle "CBM 177 Extra"]
[Source "ChessBase"]
[SourceDate "2017.04.27"]
[SourceVersion "1"]
[SourceVersionDate "2017.04.27"]
[SourceQuality "1"]

1. e4 e6 2. d4 d5 3. exd5 exd5 4. Bd3 Nf6 5. Bg5 Be6 6. Nf3 Nbd7 7. Nbd2 Bd6 8. 0-0 h6 9. Bh4 0-0 10. c3 c5 11. b3 Qc7 12. Qc2 Rac8 13. Rac1 Qb8 14. Rfe1 a6 15. a4 cxd4 16. Qb2 dxc3 17. Rxc3 Rxc3 18. Qxc3 Rc8 19. Qb2 Bb4 20. Nd4 Bc3 21. Bg3 Bxb2 22. Bxb8 Bxd4 23. Bf4 Bc3 24. Rd1 d4 25. Nf3 0-1

[Event "RSA-ch U12 Girls"]
[Site "Waterkloof"]
[Date "2015.04.07"]
[Round "6"]
[White "Booysen, Tineke"]
[Black "Claassen, Anke"]
[Result "1-0"]
[WhiteElo "1123"]
[BlackElo "1078"]
[PlyCount "79"]
[EventDate "2015.04.04"]
[EventType "swiss"]
[EventRounds "9"]
[EventCountry "RSA"]
[SourceTitle "CBM 166 Extra"]
[Source "ChessBase"]
[SourceDate "2015.06.18"]
[SourceVersion "1"]
[SourceVersionDate "2015.06.18"]
[SourceQuality "1"]

1. d4 d5 2. e3 Nf6 3. Bd3 e6 4. Nd2 c6 5. c3 Bd6 6. f4 0-0 7. Ngf3 Nbd7 8. 0-0 c5 9. Ne5 cxd4 10. exd4 Qb6 11. Qf3 Bxe5 12. fxe5 Nxe5 13. Qh3 Nxd3 14. Qxd3 Qc7 15. h3 Bd7 16. Nf3 a6 17. a4 h6 18. Bg5 hxg5 19. Nxg5 Ne4 20. Nxe4 dxe4 21. Qxe4 Rab8 22. Rf4 Bc6 23. Qe3 Rfe8 24. Rg4 Qe7 25. Qh6 f6 26. Rf1 Rf8 27. Rg3 e5 28. Rf5 g5 29. h4 Qh7 30. Rxf6 Qxh6 31. Rxh6 exd4 32. Rxg5+ Kf7 33. cxd4 Bxa4 34. d5 Rg8 35. Rf5+ Kg7 36. Rff6 Rgf8 37. Rfg6+ Kf7 38. h5 Rbd8 39. Rh7+ Ke8 40. Re6# 1-0